[Event "2010 Standard Chess Dropout Tournament, Round 1"]
[Site "SchemingMind.com"]
[Date "2009.11.11"]
[Round "1"]
[White "juditfan"]
[Black "air666"]
[Result "1-0"]
[WhiteCountry "ITA"]
[BlackCountry "GER"]
[WhiteElo "1541"]
[WhiteRD "150"]
[BlackElo "1383"]
[BlackRD "75"]
[GameID "225982"]

1. e4 e5 2. Nf3 Nc6 3. Bb5 a6 4. Bxc6 bxc6 5. O-O d5 6. Nxe5 Qd6 7. exd5 Qxe5 8. Re1 Qxe1+ 9. Qxe1+ Be7 10. Nc3 cxd5
11. Nxd5 Be6 12. Nxc7+ Kd7 13. Nxa8 Nf6 14. Nb6+ Kc6 15. Na4 Nd5 16. d4 Bb4 17. Qe5 Rg8 18. c4 Bd6 19. cxd5+ Kd7 20. dxe6+ fxe6
21. Nc5+ Bxc5 22. dxc5 Rc8 23. Qd6+ Ke8 24. Qxe6+ Kd8 25. c6
1-0

[Event "2010 Standard Chess Dropout Tournament, Round 1"]
[Site "SchemingMind.com"]
[Date "2009.11.12"]
[Round "1"]
[White "An old friend"]
[Black "Schaakmaatje"]
[Result "1-0"]
[WhiteCountry "ENG"]
[BlackCountry "NED"]
[WhiteElo "1926"]
[WhiteRD "82"]
[BlackElo "1676"]
[BlackRD "50"]
[GameID "225983"]

1. e4 c6 2. c4 d5 3. cxd5 cxd5 4. exd5 Nf6 5. Nc3 Nxd5 6. Nf3 Nc6 7. Bc4 Nf4 8. O-O e6 9. Bb5 Bd7 10. Qa4 Bd6
11. Qd1 O-O 12. d4 a6 13. Bc4 b5 14. Bb3 Qc7 15. d5 Nxd5 16. Nxd5 exd5 17. Bxd5 h6 18. Be3 Rac8 19. Rc1 Qb8 20. a3 Bf4
21. Bxf4 Qxf4 22. b4 Rc7 23. Qd2 Qxd2 24. Nxd2 Rfc8 25. Nb3 Ne5 26. Rxc7 Rxc7 27. Rc1 Rxc1+ 28. Nxc1 Nc4 29. Bxc4 bxc4 30. Kf1 f5
31. f4 g5 32. g3 Kf7 33. Ne2 Bc6 34. Kf2 Be4 35. Ke3 Ke6 36. Kd4 Bd3 37. Nc3 Kd6 38. Nd1 gxf4 39. gxf4 a5 40. Nb2 axb4
41. axb4 Kc6 42. Nxd3 cxd3 43. Kxd3
1-0

[Event "2010 Standard Chess Dropout Tournament, Round 1"]
[Site "SchemingMind.com"]
[Date "2009.11.09"]
[Round "1"]
[White "KaliYuga"]
[Black "Raimondi"]
[Result "0-1"]
[WhiteCountry "IRL"]
[BlackCountry "PER"]
[WhiteElo "1912"]
[WhiteRD "84"]
[BlackElo "1725"]
[BlackRD "75"]
[GameID "225984"]

1. d4 d5 2. c4 e6 3. Nc3 Nf6 4. cxd5 exd5 5. Bg5 Be7 6. e3 c6 7. Bd3 Nbd7 8. Qc2 O-O 9. Nge2 Re8 10. O-O Nf8
11. Bxf6 Bxf6 12. b4 a6 13. a4 Bd7 14. b5 axb5 15. axb5 g6 16. bxc6 bxc6 17. Na4 Ne6 18. Nc5 Nxc5 19. Qxc5 Be7 20. Qc2 Bf6
21. Rfb1 Qe7 22. Nc1 Rxa1 23. Rxa1 c5 24. Qxc5 Qxc5 25. dxc5 Bxa1
0-1

[Event "2010 Standard Chess Dropout Tournament, Round 1"]
[Site "SchemingMind.com"]
[Date "2009.11.14"]
[Round "1"]
[White "keen"]
[Black "Finan"]
[Result "0-1"]
[WhiteCountry "SCO"]
[BlackCountry "USA"]
[WhiteElo "1604"]
[WhiteRD "56"]
[BlackElo "1657"]
[BlackRD "84"]
[GameID "225985"]

1. e4 d5 2. exd5 Qxd5 3. Nc3 Qa5 4. d4 Nf6 5. Nf3 Bg4 6. h3 Qh5 7. Be2 Nc6 8. O-O Bxh3 9. gxh3 Qxh3 10. Nh2 h5
11. f4 Ng4 12. Bxg4 hxg4 13. Rf2 g3 14. Rg2 gxh2+ 15. Kh1 Nxd4 16. Qxd4 Qxg2+ 17. Kxg2 h1=Q+ 18. Kf2 Rh2+ 19. Ke3 Qe1+ 20. Kf3 Rh3+
0-1

[Event "2010 Standard Chess Dropout Tournament, Round 1"]
[Site "SchemingMind.com"]
[Date "2009.11.09"]
[Round "1"]
[White "khayman"]
[Black "Ingemar Assarsjö"]
[Result "1-0"]
[WhiteCountry "ENG"]
[BlackCountry "SWE"]
[WhiteElo "2297"]
[WhiteRD "92"]
[BlackElo "1816"]
[BlackRD "110"]
[GameID "225986"]

1. e4 e5 2. Nf3 Nc6 3. Bc4 Bc5 4. c3 Nf6 5. d3 d6 6. O-O O-O 7. Bb3 Be6 8. Bg5 Qe7 9. Nbd2 h6 10. Bxe6 Qxe6
11. Bxf6 Qxf6 12. b4 Bb6 13. Nc4 Ne7 14. a4 c6 15. Re1 Ng6 16. g3 Bc7 17. Qe2 b5 18. axb5 cxb5 19. Ne3 Ne7 20. d4 a6
21. Kg2 exd4 22. Nxd4 Bb6 23. Red1 Rfc8 24. Rac1 Rc7 25. Ndf5 Nxf5 26. Nxf5 Rd8 27. Ra1 Ra7 28. Qd3 Bc7 29. Ra3 Qe5 30. Nd4 Qe8
31. Nxb5 Rb7 32. Nxc7 Rxc7 33. Rxa6 Rdc8 34. Rc1 Rc6 35. Rxc6 Qxc6 36. b5 Qc5 37. c4 Kf8 38. Rb1 Qb6 39. Ra1 Qc7 40. Ra4 Ke7
41. Qd4 Kf8 42. Ra7 Qxc4 43. Qxd6+ Kg8 44. Qd5 Qxd5 45. exd5 Rc5 46. b6 Rxd5 47. b7
1-0

[Event "2010 Standard Chess Dropout Tournament, Round 1"]
[Site "SchemingMind.com"]
[Date "2009.11.09"]
[Round "1"]
[White "Arthur Wilding"]
[Black "BigB"]
[Result "0-1"]
[WhiteCountry "WLS"]
[BlackCountry "SVK"]
[WhiteElo "1535"]
[WhiteRD "147"]
[BlackElo "2453"]
[BlackRD "76"]
[GameID "225987"]

1. d4 d5 2. e3 Nf6 3. Nc3 g6 4. Nf3 Bg7 5. Bb5+ c6 6. Bd3 Bg4 7. h3 Bxf3 8. Qxf3 O-O 9. Bd2 Nbd7 10. O-O-O e5
11. dxe5 Nxe5 12. Qe2 b5 13. f4 Nxd3+ 14. Qxd3 Re8 15. Rhe1 Rb8 16. Ne2 Ne4 17. Rf1 b4 18. Be1 Nc5 19. Qd2 Na4 20. Nd4 c5
21. Nc6 Qf6 22. Ne5 Rxe5 23. c4 Rxe3
0-1

[Event "2010 Standard Chess Dropout Tournament, Round 1"]
[Site "SchemingMind.com"]
[Date "2009.11.09"]
[Round "1"]
[White "kynoceros"]
[Black "Mijical"]
[Result "1-0"]
[WhiteCountry "USA"]
[BlackCountry "CAN"]
[WhiteElo "1568"]
[WhiteRD "77"]
[BlackElo "1612"]
[BlackRD "78"]
[GameID "225988"]

1. e4 e5 2. Nf3 Nf6 3. d4 Nxe4 4. Bd3 d5 5. Nxe5 Nf6 6. Nf3 Be7 7. O-O O-O 8. Nc3 b6 9. h3 Bb7 10. Bf4 h6
11. Nb5 c6 12. Nc7 Nh5 13. Bh2 Bd6 14. Nxa8 Bxh2+ 15. Kxh2 Bxa8 16. Ne5 Nf4 17. Bf5 Qc7 18. Qg4 f6 19. Qxf4 fxe5 20. dxe5 Rf6
21. g3 g5 22. Qf3 Qxe5 23. Rae1 Rxf5 24. Rxe5 Rxf3 25. Kg2 Rf7 26. Rfe1 Na6 27. a3 c5 28. Kg1 Bb7 29. Re7 Nb8 30. Re8+ Rf8
31. R1e7 Bc6 32. Rxf8+ Kxf8 33. Rxa7 Kg8 34. f3 Nd7 35. Rc7 Bb5 36. b3 Nf6 37. Rb7 Nd7 38. a4 Bc6 39. Rc7 Ne5 40. f4 gxf4
41. gxf4 Ng6 42. Rxc6 Nxf4 43. Rxh6 Ne2+ 44. Kf2 Nd4 45. Rxb6
1-0

[Event "2010 Standard Chess Dropout Tournament, Round 1"]
[Site "SchemingMind.com"]
[Date "2009.11.10"]
[Round "1"]
[White "lame wolf"]
[Black "montinskij"]
[Result "0-1"]
[WhiteCountry "INT"]
[BlackCountry "USA"]
[WhiteElo "1097"]
[WhiteRD "53"]
[BlackElo "2077"]
[BlackRD "137"]
[GameID "225989"]

1. b4 e5 2. a3 d5 3. d4 exd4 4. Qxd4 Nf6 5. Bg5 Be7 6. g3 h6 7. Be3 Ng4 8. Bh3 Bf6 9. Bxg4 Bxd4 10. Bxc8 Bxe3
11. fxe3 Qxc8 12. Nd2 O-O 13. Ngf3 Re8 14. Kf2 Qe6 15. Rad1 Qxe3+
0-1

[Event "2010 Standard Chess Dropout Tournament, Round 1"]
[Site "SchemingMind.com"]
[Date "2009.11.14"]
[Round "1"]
[White "Lee Shuck"]
[Black "The Stonewall"]
[Result "0-1"]
[WhiteCountry "ENG"]
[BlackCountry "ENG"]
[WhiteElo "1361"]
[WhiteRD "97"]
[BlackElo "2249"]
[BlackRD "83"]
[GameID "225990"]

1. e4 e6 2. d4 c5 3. Nf3 a6 4. Nc3 Qc7 5. Be3 b5 6. dxc5 Bxc5 7. Bxc5 Qxc5 8. Qd4 Qxd4 9. Nxd4 Bb7 10. f3 Ne7
11. O-O-O Nbc6 12. Nxc6 Nxc6 13. a3 Ke7 14. b3 Rac8 15. g3 Ne5 16. Bg2 Rxc3 17. Kb2 Rc7 18. f4 Nc6 19. c3 Rhc8 20. Rc1 Na5
21. Rc2 f5 22. h3 fxe4 23. Re1 d5 24. g4 Rf8 25. f5 exf5 26. gxf5 Rxf5 27. h4 Rf4 28. h5 Rf5 29. Rh1 Kf6 30. Rf1 Rxf1
31. Bxf1 Kg5 32. Be2 Bc8
0-1

[Event "2010 Standard Chess Dropout Tournament, Round 1"]
[Site "SchemingMind.com"]
[Date "2009.11.09"]
[Round "1"]
[White "lemme howdt"]
[Black "willygor"]
[Result "0-1"]
[WhiteCountry "USA"]
[BlackCountry "ARG"]
[WhiteElo "1708"]
[WhiteRD "99"]
[BlackElo "1841"]
[BlackRD "78"]
[GameID "225991"]

1. e4 e5 2. Nf3 Nc6 3. Bc4 Be7 4. c3 d6 5. d4 exd4 6. Nxd4 Bd7 7. O-O Ne5 8. Bb3 Nf6 9. f3 O-O 10. Bg5 h6
11. Bh4 Ng6 12. Bf2 Qc8 13. Re1 c5 14. Ne2 b5 15. Bd5 Nxd5 16. exd5 a5 17. a3 c4 18. Nd4 Ne5 19. Qc2 Bf6 20. Nd2 Nd3
21. Re2 Nxf2 22. Kxf2 Bxd4+ 23. cxd4 Qb7 24. Rd1 Rfe8 25. Ne4 Qxd5 26. g4 f5 27. Nc3 Rxe2+ 28. Qxe2 Qf7 29. h3 fxg4 30. hxg4 Re8
31. Qd2 Bxg4 32. Nxb5 Qxf3+ 33. Kg1 Qxd1+ 34. Qxd1 Bxd1 35. Nxd6 Re1+ 36. Kf2 Re2+ 37. Kg3 Rxb2 38. Nxc4 Rb5 39. Kf4 a4 40. Ne3 Bb3
41. Ke4 Kf7 42. d5 Bxd5+ 43. Nxd5 Rxd5 44. Kxd5 h5
0-1

[Event "2010 Standard Chess Dropout Tournament, Round 1"]
[Site "SchemingMind.com"]
[Date "2009.11.09"]
[Round "1"]
[White "loco61"]
[Black "APB"]
[Result "1-0"]
[WhiteCountry "ENG"]
[BlackCountry "ENG"]
[WhiteElo "1677"]
[WhiteRD "69"]
[BlackElo "1563"]
[BlackRD "69"]
[GameID "225993"]

1. e4 e5 2. Nf3 Nc6 3. Bc4 Bc5 4. c3 Nf6 5. d4 exd4 6. cxd4 Bb4+ 7. Nc3 Nxe4 8. Qe2 O-O 9. Qxe4 Re8 10. Ne5 Nxe5
11. dxe5 d6 12. Qf3 Rf8 13. exd6 Qxd6 14. O-O Bxc3 15. bxc3 Be6 16. Bxe6 fxe6 17. Qxb7 Qe5 18. Bd2 Rfb8 19. Qc6 Rd8 20. Be3 Qd6
21. Qxd6 Rxd6 22. Bd4 a6 23. f4 Re8 24. Rab1 Red8 25. Rb7 R8d7 26. Ra7 c5 27. Bxc5 Rxa7 28. Bxd6 a5 29. c4
1-0

[Event "2010 Standard Chess Dropout Tournament, Round 1"]
[Site "SchemingMind.com"]
[Date "2009.11.09"]
[Round "1"]
[White "Clive Everill"]
[Black "Argeon"]
[Result "0-1"]
[WhiteCountry "CZE"]
[BlackCountry "BEL"]
[WhiteElo "1669"]
[WhiteRD "49"]
[BlackElo "2043"]
[BlackRD "85"]
[GameID "225994"]

1. e4 e5 2. Nc3 Nc6 3. f4 exf4 4. d4 Qh4+ 5. Ke2 b6 6. Qd2 Bb4 7. Nf3 Qe7 8. Kd1 Nf6 9. Bd3 Ng4 10. h3 Ne3+
11. Ke1 f5 12. e5 Bb7 13. a3 Nxd4 14. Nxd4 Nxg2+ 15. Kf2 Bc5 16. Ne2 Qh4+ 17. Kg1 Ne3 18. b4 Qg5+ 19. Ng3 Qxg3+
0-1

[Event "2010 Standard Chess Dropout Tournament, Round 1"]
[Site "SchemingMind.com"]
[Date "2009.11.13"]
[Round "1"]
[White "marble"]
[Black "Theodoric"]
[Result "1/2-1/2"]
[WhiteCountry "ENG"]
[BlackCountry "ENG"]
[WhiteElo "1863"]
[WhiteRD "80"]
[BlackElo "1961"]
[BlackRD "68"]
[GameID "225995"]

1. e4 e6 2. d4 d5 3. Nc3 Bb4 4. e5 c5 5. a3 Bxc3+ 6. bxc3 Nc6 7. Qg4 g6 8. Nf3 c4 9. Bd2 Bd7 10. Be2 Qb6
11. O-O Qa5 12. Qh4 Nce7 13. Rfb1 Bc6 14. Rb4 Nf5 15. Qh3 h5 16. g4 Nfh6 17. gxh5 Nf5 18. Nh4 Nge7 19. Nxf5 Nxf5 20. Bg4 Qd8
21. h6 Qh4 22. Bxf5 Qd8 23. Bg4 Kd7 24. Qf3 Qe7 25. Rab1 Kc7 26. h4 Rag8 27. a4 Kb8 28. Bg5 Qe8 29. a5 a6 30. Rb6 Kc8
31. Qe3 Rh7 32. Qc1 Qd7 33. Qb2 Qc7 34. Qa3 Re8 35. Qc5 Kd7 36. h5 gxh5 37. Bxh5 Kc8 38. Qa3 Rg8 39. Qc1 Rxh6 40. Be2 Rxg5+
41. Qxg5 Rg6 42. Qxg6 fxg6 43. Bg4 Qe7 44. f3 Qg5 45. Rf1 Qe3+ 46. Kh1 Kd7 47. Rbb1 Qxc3 48. f4 Qg3 49. Be2 Qh3+ 50. Kg1 Qg3+=
1/2-1/2

[Event "2010 Standard Chess Dropout Tournament, Round 1"]
[Site "SchemingMind.com"]
[Date "2009.11.09"]
[Round "1"]
[White "maro"]
[Black "Spohn"]
[Result "0-1"]
[WhiteCountry "MEX"]
[BlackCountry "USA"]
[WhiteElo "1327"]
[WhiteRD "48"]
[BlackElo "1874"]
[BlackRD "96"]
[GameID "225997"]

1. c4 e5 2. Nc3 Nf6 3. d3 c6 4. Nf3 Qc7 5. e4 Bb4 6. Bd2 d6 7. Be2 Be6 8. O-O Nbd7 9. a3 Ba5 10. b4 Bb6
11. Qe1 O-O 12. c5 dxc5 13. bxc5 Bxc5 14. Na4 Be7 15. Bb4 Bxb4 16. Qxb4 Nb6 17. Qc5 Nxa4 18. Qxe5 Qxe5 19. Nxe5 Nc3 20. Rfe1 Nxe2+
21. Rxe2 Rfd8
0-1

[Event "2010 Standard Chess Dropout Tournament, Round 1"]
[Site "SchemingMind.com"]
[Date "2009.11.14"]
[Round "1"]
[White "Mekk"]
[Black "BigDaddy"]
[Result "1-0"]
[WhiteCountry "POL"]
[BlackCountry "AUT"]
[WhiteElo "1881"]
[WhiteRD "98"]
[BlackElo "1336"]
[BlackRD "50"]
[GameID "225998"]

1. e4 c5 2. Nf3 e6 3. d4 cxd4 4. Nxd4 Nf6 5. Nc3 Nc6 6. Be3 Bb4 7. f3 Bxc3+ 8. bxc3 O-O 9. Bc4 d5 10. exd5 Nxd5
11. Bd2 Nb6 12. Bb3 Nxd4 13. cxd4 Qxd4 14. c3 Qe5+ 15. Kf2 Bd7 16. Qc2 a5 17. a4 Qf5 18. Qxf5 exf5 19. Rhe1 Rad8 20. Bf4 Rc8
21. Be5 Be6 22. Bxe6 fxe6 23. Bd4 Nd5 24. Rxe6 Rfe8 25. Rxe8+ Rxe8 26. Rb1 Re7 27. Rb5 Rd7 28. Rxa5 b6 29. Ra8+ Kf7 30. Ra6 Rb7
31. c4 Nb4 32. Rxb6 Rxb6 33. Bxb6 Nd3+ 34. Ke3 Nb2 35. a5 Nxc4+ 36. Kd4 Nd6 37. a6 Nc8 38. Bc5 Ke6 39. a7 Kd7 40. a8=Q g6
41. Kd5 Ne7+ 42. Bxe7 Kxe7 43. Qc6 Kf7 44. Ke5 Kg7 45. Qf6+ Kh6 46. h4 Kh5 47. Qg5#
1-0

[Event "2010 Standard Chess Dropout Tournament, Round 1"]
[Site "SchemingMind.com"]
[Date "2009.11.09"]
[Round "1"]
[White "Mekon"]
[Black "Jonno"]
[Result "1-0"]
[WhiteCountry "USA"]
[BlackCountry "ENG"]
[WhiteElo "1747"]
[WhiteRD "79"]
[BlackElo "1193"]
[BlackRD "70"]
[GameID "225999"]

1. e4 c5 2. Nf3 Nc6 3. d4 cxd4 4. Nxd4 Nf6 5. Nc3 e5 6. Ndb5 d6 7. Bg5 a6 8. Na3 b5 9. Nd5 Bb7 10. Bxf6 gxf6
11. c3 Rg8 12. Qf3 Bg7 13. Be2 Bc8 14. Nc2 Be6 15. Nce3
1-0

[Event "2010 Standard Chess Dropout Tournament, Round 1"]
[Site "SchemingMind.com"]
[Date "2009.11.11"]
[Round "1"]
[White "Mel-o-rama"]
[Black "khayman"]
[Result "0-1"]
[WhiteCountry "USA"]
[BlackCountry "ENG"]
[WhiteElo "1829"]
[WhiteRD "83"]
[BlackElo "2311"]
[BlackRD "95"]
[GameID "226000"]

1. b3 e5 2. Bb2 Nc6 3. e3 Nf6 4. Bb5 d6 5. Ne2 Bd7 6. O-O Be7 7. f4 a6 8. Bxc6 Bxc6 9. c4 h5 10. fxe5 dxe5
11. Bxe5 Ng4 12. Bxg7 Rg8 13. Bb2 Nxe3
0-1

[Event "2010 Standard Chess Dropout Tournament, Round 1"]
[Site "SchemingMind.com"]
[Date "2009.11.09"]
[Round "1"]
[White "memet"]
[Black "fouche"]
[Result "1-0"]
[WhiteCountry "TUR"]
[BlackCountry "COL"]
[WhiteElo "1808"]
[WhiteRD "102"]
[BlackElo "1632"]
[BlackRD "68"]
[GameID "226001"]

1. e4 e6 2. d4 d5 3. Nc3 Bb4 4. Bd2 Bxc3 5. Bxc3 dxe4 6. f3 Nf6 7. Nh3 Nc6 8. Ng5 exf3 9. Qxf3 O-O 10. Bd3 h6
11. h4 Re8 12. Ne4 Nd5 13. Bd2 Nxd4 14. Qg3 Kh8 15. Qe5 Nc6 16. Qh5 Nf6 17. Bxh6 Kg8 18. Qg5
1-0

[Event "2010 Standard Chess Dropout Tournament, Round 1"]
[Site "SchemingMind.com"]
[Date "2009.11.09"]
[Round "1"]
[White "michalis"]
[Black "lemmie"]
[Result "1-0"]
[WhiteCountry "GRE"]
[BlackCountry "NED"]
[WhiteElo "1884"]
[WhiteRD "113"]
[BlackElo "1589"]
[BlackRD "50"]
[GameID "226002"]

1. e4 e5 2. Nf3 Nc6 3. Bb5 a6 4. Ba4 b5 5. Bb3 d6 6. c3 Nf6 7. O-O Nxe4 8. Bd5 Nxf2 9. Bxc6+ Bd7 10. Bxd7+ Qxd7
11. Rxf2 Be7 12. d4 exd4 13. Nxd4 O-O 14. Be3 Bh4 15. Rf3 Rfe8 16. Qd3 c5 17. Nf5 Bf6 18. Nd2 d5 19. Bxc5 Re5 20. Nh6+ Kh8
21. Rh3 Rae8 22. Nxf7+ Kg8 23. Nxe5 Rxe5 24. Qxh7+ Kf7 25. Nf3 Re2 26. Qh5+ Kg8 27. Qh8+ Kf7 28. Ng5+ Bxg5 29. Rf1+ Ke6 30. Qg8+ Ke5
31. Qf8 Bf6 32. Bd4+ Ke4 33. Bxf6 gxf6 34. Qxf6 Qg4 35. Qd4#
1-0

[Event "2010 Standard Chess Dropout Tournament, Round 1"]
[Site "SchemingMind.com"]
[Date "2009.11.10"]
[Round "1"]
[White "Midlander"]
[Black "thebirdolux"]
[Result "1/2-1/2"]
[WhiteCountry "ENG"]
[BlackCountry "USA"]
[WhiteElo "2207"]
[WhiteRD "73"]
[BlackElo "2429"]
[BlackRD "75"]
[GameID "226003"]

1. e4 e6 2. d4 d5 3. Nc3 Nf6 4. Bg5 dxe4 5. Nxe4 Nbd7 6. Nf3 Be7 7. Nxf6+ Bxf6 8. Bxf6 Nxf6 9. Qd2 O-O 10. O-O-O b6
11. Ne5 Qd6 12. Qf4 Nd5 13. Qh4 f6 14. Nc4 Qf4+ 15. Qxf4 Nxf4 16. Ne3 Bb7 17. Bc4 Rad8 18. Rhe1 Kf7 19. g3 Nd5 20. c3=
1/2-1/2

[Event "2010 Standard Chess Dropout Tournament, Round 1"]
[Site "SchemingMind.com"]
[Date "2009.11.12"]
[Round "1"]
[White "Mijical"]
[Black "Saiidcd"]
[Result "0-1"]
[WhiteCountry "CAN"]
[BlackCountry "LBN"]
[WhiteElo "1614"]
[WhiteRD "73"]
[BlackElo "2272"]
[BlackRD "93"]
[GameID "226004"]

1. Nf3 Nf6 2. c4 g6 3. g3 Bg7 4. b4 d5 5. c5 Ne4 6. d4 a5 7. Qa4+ Bd7 8. Qb3 axb4 9. Qxb4 Nc6 10. Qb2 Nxc5
11. Ne5 Nxe5 12. dxe5 Na4 13. Qd4 c5 14. Qxd5 Bc6
0-1

[Event "2010 Standard Chess Dropout Tournament, Round 1"]
[Site "SchemingMind.com"]
[Date "2009.11.14"]
[Round "1"]
[White "mirari"]
[Black "TRFz"]
[Result "0-1"]
[WhiteCountry "ENG"]
[BlackCountry "GBR"]
[WhiteElo "1752"]
[WhiteRD "233"]
[BlackElo "2204"]
[BlackRD "82"]
[GameID "226005"]

1. Nf3 Nf6 2. d4 g6 3. Nc3 d5 4. Bf4 Bg7 5. h3 O-O 6. e3 c5 7. dxc5 Qa5 8. Qd3 Bd7 9. O-O-O Na6 10. Nxd5 Nxd5
11. Qxd5 Be6 12. Qxb7 Nxc5 13. Qb5 Qxa2 14. Qxc5 Bxb2+ 15. Kd2 Rac8 16. Bc7 Ba3 17. Qc3 Rxc7 18. Qxc7 Bb4+ 19. Kd3 Rc8
0-1

[Event "2010 Standard Chess Dropout Tournament, Round 1"]
[Site "SchemingMind.com"]
[Date "2009.11.10"]
[Round "1"]
[White "montinskij"]
[Black "juditfan"]
[Result "1-0"]
[WhiteCountry "USA"]
[BlackCountry "ITA"]
[WhiteElo "2081"]
[WhiteRD "140"]
[BlackElo "1474"]
[BlackRD "171"]
[GameID "226007"]

1. e4 e5 2. Nf3 Nc6 3. d4 exd4 4. Nxd4 Nf6 5. Nxc6 bxc6 6. e5 Nd5 7. c4 Nb6 8. Bd3 Bb4+ 9. Bd2 Qe7 10. O-O O-O
11. Qc2 g6 12. Bxb4 Qxb4 13. Nd2 d6 14. a3 Qc5 15. exd6 cxd6 16. Nb3 Qg5 17. c5 Bh3 18. f4 Qxg2+ 19. Qxg2 Bxg2 20. Kxg2 Nd5
21. Rae1 Rab8 22. Bc4 dxc5 23. Rf2 Rfe8 24. Rxe8+ Rxe8 25. Bxd5 cxd5 26. Nxc5 Rc8 27. Rc2 d4 28. Kf3 d3 29. Rc3 Rb8 30. Nxd3
1-0

[Event "2010 Standard Chess Dropout Tournament, Round 1"]
[Site "SchemingMind.com"]
[Date "2009.11.14"]
[Round "1"]
[White "MrPerry"]
[Black "wilfried"]
[Result "0-1"]
[WhiteCountry "USA"]
[BlackCountry "GER"]
[WhiteElo "1814"]
[WhiteRD "84"]
[BlackElo "2436"]
[BlackRD "109"]
[GameID "226008"]

1. b3 e5 2. Bb2 Nc6 3. e3 Nf6 4. c4 Be7 5. Nf3 e4 6. Nd4 O-O 7. Nf5 d5 8. Nxe7+ Qxe7 9. Nc3 d4 10. Nd5 Qd6
11. Nxf6+ Qxf6 12. b4 Qg6 13. b5 Ne5 14. Bxd4 Bg4 15. Be2 Bxe2 16. Qxe2 Qxg2 17. O-O-O Nd3+ 18. Kc2 Qh3 19. Rhg1 g6 20. f3 Qe6
21. Kc3 a6 22. b6 f5 23. fxe4 fxe4 24. Qh5 c5 25. Bxc5 Rf5
0-1

[Event "2010 Standard Chess Dropout Tournament, Round 1"]
[Site "SchemingMind.com"]
[Date "2009.11.09"]
[Round "1"]
[White "n_antonov"]
[Black "Artur"]
[Result "1-0"]
[WhiteCountry "BUL"]
[BlackCountry "POL"]
[WhiteElo "2242"]
[WhiteRD "79"]
[BlackElo "1816"]
[BlackRD "100"]
[GameID "226009"]

1. e4 e5 2. Nf3 Nf6 3. Nxe5 d6 4. Nf3 Nxe4 5. d4 Nf6 6. Bd3 Bg4 7. O-O Nc6 8. h3 Bh5 9. Bg5 Be7 10. Bxf6 Bxf6
11. Re1+ Ne7 12. g4 Bxg4 13. hxg4 h6 14. Qe2 O-O 15. Nc3 Nc6 16. Nd5 Nxd4 17. Nxd4 Bxd4 18. Ne7+ Kh8 19. Qe4 Bxf2+ 20. Kxf2 g6
21. Qd4+ Kh7 22. g5 h5 23. Qf6 Qd7 24. Bf5 Qb5 25. Rh1
1-0

[Event "2010 Standard Chess Dropout Tournament, Round 1"]
[Site "SchemingMind.com"]
[Date "2009.11.09"]
[Round "1"]
[White "NimbleKnight"]
[Black "andu"]
[Result "0-1"]
[WhiteCountry "USA"]
[BlackCountry "AUT"]
[WhiteElo "1898"]
[WhiteRD "122"]
[BlackElo "2184"]
[BlackRD "55"]
[GameID "226010"]

1. e4 c5 2. Nf3 e6 3. d4 cxd4 4. Nxd4 a6 5. c4 Qc7 6. Nc3 Nf6 7. Bd3 Nc6 8. Be3 Ne5 9. Qe2 Nfg4 10. h3 Nxd3+
11. Qxd3 Ne5 12. Qe2 Qxc4 13. O-O Qxe2 14. Ncxe2 b5 15. b3 Bb7 16. f3 Rc8 17. Rac1 Kd8 18. Rfd1 Rxc1 19. Rxc1 Bd6 20. Bf2 Ke7
21. Bh4+ f6 22. Kf1 Rc8 23. Rxc8 Bxc8 24. Ke1 g5 25. Bf2 Nd3+ 26. Kf1 Bb7 27. Be3 h5 28. Bd2 g4 29. hxg4 hxg4 30. Bc3 gxf3
31. gxf3 f5 32. exf5 e5 33. Nc2 Bxf3 34. Bd2 Kf6 35. Ne3 Bc5 36. Ng3 d5 37. Ng2 e4 38. Nf4 Nxf4 39. Bxf4 d4 40. Ke1 e3
41. Bc7 Bb4+ 42. Kf1 d3 43. Bd8+ Kf7 44. Bb6 d2 45. Bxe3 d1=Q+ 46. Kf2 Be1+ 47. Kg1 Bxg3#
0-1

[Event "2010 Standard Chess Dropout Tournament, Round 1"]
[Site "SchemingMind.com"]
[Date "2009.11.09"]
[Round "1"]
[White "Nut"]
[Black "An old friend"]
[Result "0-1"]
[WhiteCountry "USA"]
[BlackCountry "ENG"]
[WhiteElo "1652"]
[WhiteRD "80"]
[BlackElo "1914"]
[BlackRD "96"]
[GameID "226011"]

1. e4 c5 2. Nf3 d6 3. d4 cxd4 4. Nxd4 Nf6 5. Nc3 g6 6. f3 Bg7 7. Be3 a6 8. Qd2 Nbd7 9. Bc4 b5 10. Bb3 Bb7
11. O-O-O Nc5 12. h4 Nxb3+ 13. Nxb3 h5 14. Ne2 Rc8 15. e5 dxe5 16. Qxd8+ Rxd8 17. Nc5 Bc8 18. Rxd8+ Kxd8 19. Rd1+ Kc7 20. Kb1 Rd8
21. Nd3 e4 22. Bf4+ Kb6 23. Be3+ Kc7 24. fxe4 Nxe4 25. Rf1 Bf6 26. Nb4 Nd2+ 27. Bxd2 Rxd2 28. Nf4 Bxh4 29. Kc1 Rd4 30. Nfd5+ Kd6
31. c3 Re4 32. Rd1 Re1 33. Ne3+ Rxd1+ 34. Kxd1 Bb7 35. Ke2 Bg5 36. Kf2 Bxe3+ 37. Kxe3 a5 38. Nd3 Bxg2 39. Nf4 Bd5 40. b3 e5
41. Nd3 h4 42. Nf2 g5 43. Ne4+ Bxe4 44. Kxe4 f5+ 45. Kf3 e4+
0-1

[Event "2010 Standard Chess Dropout Tournament, Round 1"]
[Site "SchemingMind.com"]
[Date "2009.11.11"]
[Round "1"]
[White "occult"]
[Black "Stephen Cade"]
[Result "0-1"]
[WhiteCountry "ROU"]
[BlackCountry "ENG"]
[WhiteElo "1833"]
[WhiteRD "109"]
[BlackElo "2274"]
[BlackRD "118"]
[GameID "226012"]

1. e4 c5 2. Nf3 d6 3. d4 cxd4 4. Nxd4 Nf6 5. Nc3 a6 6. Be3 e5 7. Nb3 Be6 8. f3 Be7 9. Qd2 O-O 10. O-O-O Nbd7
11. g4 b5 12. g5 b4 13. Ne2 Ne8 14. f4 a5 15. f5 a4 16. fxe6 axb3 17. cxb3 fxe6 18. Kb1 Rxa2 19. Kxa2 Qa8+ 20. Kb1 Qxe4+
21. Qd3 Qxh1 22. Bh3 Qc6 23. Bxe6+ Kh8 24. Bd5 Qc8 25. Qb5 Nc7 26. Qc4 Nxd5 27. Qxd5 Nc5 28. Rc1 Qf5+ 29. Ka2 Qe4 30. Qxe4 Nxe4
31. h4 d5 32. Rc7 Re8 33. Rb7 d4
0-1

[Event "2010 Standard Chess Dropout Tournament, Round 1"]
[Site "SchemingMind.com"]
[Date "2009.11.11"]
[Round "1"]
[White "Ollowain"]
[Black "calidore"]
[Result "0-1"]
[WhiteCountry "GER"]
[BlackCountry "ISR"]
[WhiteElo "2063"]
[WhiteRD "84"]
[BlackElo "1995"]
[BlackRD "74"]
[GameID "226013"]

1. e4 Nf6 2. e5 Nd5 3. d4 d6 4. Nf3 c6 5. Be2 Bf5 6. O-O e6 7. Bd3 Bxd3 8. Qxd3 Nd7 9. c4 Nc7 10. Bg5 Qc8
11. Nc3 h6 12. Be3 dxe5 13. dxe5 Bc5 14. Ne4 Be7 15. Rfd1 Nb6
0-1

[Event "2010 Standard Chess Dropout Tournament, Round 1"]
[Site "SchemingMind.com"]
[Date "2009.11.14"]
[Round "1"]
[White "Thomas Meehan"]
[Black "teban2008"]
[Result "0-1"]
[WhiteCountry "ENG"]
[BlackCountry "CAN"]
[WhiteElo "1537"]
[WhiteRD "99"]
[BlackElo "1755"]
[BlackRD "100"]
[GameID "226014"]

1. c4 Nf6 2. Nc3 e5 3. g3 Bb4 4. Bg2 Bxc3 5. bxc3 d6 6. d3 Nc6 7. Nf3 O-O 8. O-O a6 9. a4 Na5 10. e4 c5
11. Rb1 h6 12. Be3 Ng4 13. h3 Nxe3 14. fxe3 Bd7 15. d4 exd4 16. Nd2 dxe3 17. Nb3 Bxa4 18. Nxa5 Bxd1 19. Rfxd1 Qxa5 20. Rxb7 Qxc3
21. Bf1 Qc2
0-1